| 000 | 00435pab a2200169 454500 | ||
|---|---|---|---|
| 008 | 180718b2006 xxu||||| |||| 00| 0 eng d | ||
| 100 | _aSrivastav, Avinash Kumar | ||
| 245 | _aOrganizational climate in public sector: an empirical study | ||
| 260 | _c2006 | ||
| 300 | _ap.65-75. | ||
| 650 | _aMotivation | ||
| 650 | _aPublic sector | ||
| 650 | _aOrganizations | ||
| 773 | _aManagement and Change | ||
| 908 | _aN | ||
| 909 | _a74960 | ||
| 999 |
_c74960 _d74960 |
||